000 00745cam a22002651 4500
001 sa 68012612
003 DLC
005 20260227112612.0
008 950308s1968 ii 000 0 sano
010 _asa 68012612
025 _aPL480:I-San-1130
035 _a(OCoLC)32110981
040 _aDLC
_cCU
_dCU
_dDLC
041 0 _asanmal
042 _apremarc
050 0 0 _aPN1049.M3
_bL5
245 0 0 _aLīlātilakaṃ.
260 _c[1968]
300 _a334 p.
_c19 cm.
500 _aText in Maṇipr̲āvaḷaṃ, a mixed Sanskrit-Malayalam style of writing ; commentary in Malayalam.
650 0 _aPoetics.
650 0 _aSanskrit poetry.
650 0 _aMalayalam poetry.
700 1 _aKuññanpiḷḷa, Iḷaṅkuḷaṃ,
_d1904-1973.
999 _c84617
_d84617